THE FINALS - Team names - Statistics

General Stats
  • This quiz has been taken 101 times
  • The average score is 9 of 16
Answer Stats
Picture Answer % Correct
The Kingfish
83%
The Retros
75%
The high notes
66%
The Mighty
66%
The Overdogs
66%
The Ultra-Rares
66%
The Steamrollers
60%
The Boundless
58%
The Jet Setters
55%
The Shock and Awe
54%
The Live Wires
52%
The Tough Shells
51%
The Socialites
49%
The big splash
43%
The Powerhouse
35%
The Vogues
31%
No matching quizzes found
Score Distribution
Percent of People with Each Score
Percentile by Number Answered
Your Score History
You have not taken this quiz